000 00428nam a2200145Ia 4500
008 100204s9999 xx 000 0 und d
082 _b12397
100 _aबांदोडकर व. पु.
245 _aकस्तुरी
260 _b"प्रिया प्रकाशन, मुंबई"
_c1990
300 _a220
630 _aकस्तुरी
730 _aकस्तुरी
942 _cBOOK
999 _c456830
_d456827